Por una sociología jurídica, del poder y la dominación/
El presente artículo parte del debate sobre el poder (retomando las propuestas voluntaristas, sistémicas y críticas), distinguiéndose de la dominación a partir de Max Weber, con la finalidad de establecer la sociología jurídica como una sociología de poder y dominación. Para tal efecto resultó neces...
Uloženo v:
| Hlavní autor: | |
|---|---|
| Médium: | Text |
| Témata: | |
| Tagy: |
Přidat tag
Žádné tagy, Buďte první, kdo vytvoří štítek k tomuto záznamu!
|
MARC
| LEADER | 00000 a a2200000 04500 | ||
|---|---|---|---|
| 001 | 18343 | ||
| 003 | |||
| 040 | |||
| 100 | |a Rojo, Raúl Enrique | ||
| 245 | |a Por una sociología jurídica, del poder y la dominación/ |c Raúl Enrique Rojo | ||
| 520 | |a El presente artículo parte del debate sobre el poder (retomando las propuestas voluntaristas, sistémicas y críticas), distinguiéndose de la dominación a partir de Max Weber, con la finalidad de establecer la sociología jurídica como una sociología de poder y dominación. Para tal efecto resultó necesario profundizar en las distintas y complejas relaciones entre el derecho y el poder, evidenciando el papel del primero en los conflictos, las relaciones de poder y de dominación, las dimensiones simbólicas del derecho y la vinculación de la violencia y el derecho. | ||
| 590 | |a SJB/JULIO2011 | ||
| 650 | |a RELACIONES DE PODER | ||
| 650 | |a DERECHO | ||
| 650 | |a VIOLENCIA | ||
| 650 | |a ESTADO | ||
| 650 | |a PODER | ||
| 650 | |a SOCIOLOGIA | ||
| 773 | |g volumen 7, número 13; páginas 36-81 | ||
| 999 | |c 22496 |d 22496 | ||
